| Поле | Инд. | ПП | Название | Значение |
|---|---|---|---|---|
| Тип записи | a | |||
| Библиографический уровень | b | |||
| 001 | Контрольный номер | RU/IS/BASE/293114976 | ||
| 005 | Дата корректировки | 20220715140322.5 | ||
| 008 | Кодируемые данные | 20090415 | ||
| 040 | b | Код языка каталог. | rus | |
| e | Правила каталог. | PSBO | ||
| 041 | 0_ | a | Код языка текста | rus |
| 084 | a | Индекс другой классификации/Индекс ББК | 66.01; 66.094 | |
| 100 | 1_ | a | Автор | Макаренко В. П. |
| q | Полное имя | Макаренко Виктор Павлович | ||
| 245 | 10 | a | Заглавие | Теория сецессии: посылки, аргументы и следствия |
| 504 | a | Библиография | Библиогр. ссылки. - Примеч. | |
| 520 | a | Аннотация | Автор рассматривает отношения между сепаратизмом, автономизмом и государственным суверенитетом, опираясь на аналитические исследования 1980 - 1990-х гг. | |
| 650 | 14 | a | Основная рубрика | политика |
| a | Основная рубрика | политическая философия (философия политики) | ||
| a | Основная рубрика | политология | ||
| a | Основная рубрика | социальная философия | ||
| a | Основная рубрика | философия | ||
| a | Основная рубрика | этнополитология | ||
| a | Основная рубрика | этнополитология | ||
| 653 | a | Ключевые слова | автономизм | |
| a | Ключевые слова | коммунитаризм | ||
| a | Ключевые слова | космополитизм | ||
| a | Ключевые слова | национализм | ||
| a | Ключевые слова | национальные отношения | ||
| a | Ключевые слова | плюралистический подход | ||
| a | Ключевые слова | политический реализм | ||
| a | Ключевые слова | религия | ||
| a | Ключевые слова | самоопределение наций | ||
| a | Ключевые слова | сепаратизм | ||
| a | Ключевые слова | сецессия | ||
| a | Ключевые слова | справедливость | ||
| 773 | 08 | t | Заглавие источника | Вестник Московского университета. Серия 18, Социология и политология |
| d | Дата издания источника | 2008 | ||
| g | Прочая информация | № 4. - С. 47 - 69 | ||
| w | Контрольный № источника | RU/IS/BASE/292076337 | ||
| 901 | t | Тип документа | b |